Effect of organic and inorganic fertilizer residual on the growth of rice after the first rice crop a case study of prateah lang soil group at glasshouse ឥទ្ធិពលនៃសំណល់ជីគិមី និង​ជីសរីរាង្គពីដំណាំស្រូចលើកទី១លើការលូតលាស់ដំណាំស្រូវលើកទី២លើក្រុមដីប្រទះឡាងក្នុងលក្ខខ័ណ្ឌផ្ទះកញ្ចក់ (Record no. 486)

000 -LEADER
fixed length control field 00878nam a22001577a 4500
003 - CONTROL NUMBER IDENTIFIER
control field OSt
005 - DATE AND TIME OF LATEST TRANSACTION
control field 20150915111924.0
008 - FIXED-LENGTH DATA ELEMENTS--GENERAL INFORMATION
fixed length control field 150915b xxu||||| |||| 00| 0 eng d
040 ## - CATALOGING SOURCE
Transcribing agency RUA
082 ## - DEWEY DECIMAL CLASSIFICATION NUMBER
Classification number AGR CHE 1999 B024 Or.1
100 ## - MAIN ENTRY--PERSONAL NAME
9 (RLIN) 506
Personal name CHETH, KIMNGOY.
245 ## - TITLE STATEMENT
Title Effect of organic and inorganic fertilizer residual on the growth of rice after the first rice crop a case study of prateah lang soil group at glasshouse ឥទ្ធិពលនៃសំណល់ជីគិមី និង​ជីសរីរាង្គពីដំណាំស្រូចលើកទី១លើការលូតលាស់ដំណាំស្រូវលើកទី២លើក្រុមដីប្រទះឡាងក្នុងលក្ខខ័ណ្ឌផ្ទះកញ្ចក់
260 ## - PUBLICATION, DISTRIBUTION, ETC. (IMPRINT)
Place of publication, distribution, etc. Phnom Penh
Name of publisher, distributor, etc. RUA
Date of publication, distribution, etc. 1999
300 ## - PHYSICAL DESCRIPTION
Extent 85p.
Other physical details ill.
Dimensions 29cm.
942 ## - ADDED ENTRY ELEMENTS (KOHA)
Source of classification or shelving scheme
Koha item type AGR
Holdings
Price effective from Date last seen Permanent Location Not for loan Date acquired Source of classification or shelving scheme Koha item type Lost status Withdrawn status Total Renewals Date last checked out Total Checkouts Shelving location Damaged status Barcode Current Location Full call number
2015-09-152017-08-11Library Block B 2015-09-15 AGR   2017-08-012B024 RUA005009Library Block BAGR CHE 1999 B024 Or.1
2015-09-152016-03-07Library Block B 2015-09-15 AGR  22016-02-041B024 RUA004287Library Block BAGR CHE 1999 B024 Or.2
2015-09-152015-09-15Library Block B 2015-09-15 AGR     B024 RUA005228Library Block BAGR CHE 1999 B024 Or.3
2015-09-272015-09-27Library Block B 2015-09-27 AGR     B024 RUA018853Library Block BAGR CHE 1999 B024 Or.4
មជ្ឈមណ្ឌលឯការនៃសាកលវិទ្យាល័យភូមិន្ទកសិកម្មចំការដូង

Powered by Koha